Joaquín Costa, el gran desconocido : (Record no. 51539)

MARC details
000 -LEADER
campo de control de longitud fija 00790nam a2200241 i 4500
001 - NÚMERO DE CONTROL
campo de control 51539
003 - IDENTIFICADOR DE NÚMERO DE CONTROL
campo de control ES-MaACL
005 - FECHA Y HORA DE LA ÚLTIMA TRANSACCIÓN
campo de control 20250718234742.0
007 - CAMPO FIJO DE DESCRIPCIÓN FÍSICA--INFORMACIÓN GENERAL
campo de control de longitud fija t|
008 - DATOS DE LONGITUD FIJA--INFORMACIÓN GENERAL
campo de control de longitud fija 030813s1971 sp af ||||1|bspa d
080 ## - NÚMERO DE LA CLASIFICACIÓN DECIMAL UNIVERSAL
Número de la Clasificación Decimal Universal 929 Costa, Joaquín
100 1# - ENTRADA PRINCIPAL--NOMBRE DE PERSONA
Nombre de persona Cheyne, George J. G.
9 (RLIN) 38445
245 10 - MENCIÓN DEL TÍTULO
Título Joaquín Costa, el gran desconocido :
Resto del título esbozo biográfico /
Mención de responsabilidad, etc. George J.G. Cheyne ; prólogo de Josep Fontana.
260 ## - PUBLICACIÓN, DISTRIBUCIÓN, ETC.
Lugar de publicación, distribución, etc. Barcelona :
Nombre del editor, distribuidor, etc. Ariel,
Fecha de publicación, distribución, etc. [1971]
300 ## - DESCRIPCIÓN FÍSICA
Extensión 266 p., 6 lám. ;
Dimensiones 22 cm.
490 1# - MENCIÓN DE SERIE
Mención de serie Horas de España
600 14 - PUNTO DE ACCESO ADICIONAL DE MATERIA--NOMBRE DE PERSONA
Nombre de persona Costa, Joaquín,
Fechas asociadas al nombre 1846-1911-
Subdivisión general Biografías
9 (RLIN) 172846
700 1# - ENTRADA AGREGADA--NOMBRE PERSONAL
Nombre de persona Fontana, Josep,
Fechas asociadas al nombre 1931-2018
9 (RLIN) 51600
830 1# - PUNTO DE ACCESO ADICIONAL DE SERIE-TÍTULO UNIFORME
Título uniforme Horas de España
9 (RLIN) 180399
852 ## - LOCALIZACIÓN
Ubicación ES-MaACL
Número de control de estantería C-42240
852 ## - LOCALIZACIÓN
Ubicación ES-MaACL
Número de control de estantería C-7296
Holdings
Estatus retirado Estado de pérdida Estado de daño No para préstamo Biblioteca de origen Biblioteca actual Ubicación en estantería Fecha de adquisición Fuente de adquisición Total de préstamos Signatura topográfica completa Código de barras Visto por última vez Precio de reemplazo Tipo de ítem Koha
        Biblioteca del Ateneo de Madrid Biblioteca del Ateneo de Madrid Sala Palomar 17/01/2008     C-7296 1054202 23/02/2023 23/02/2023 Libro impreso
        Biblioteca del Ateneo de Madrid Biblioteca del Ateneo de Madrid Depósito 2 17/01/2008     C-42240 1054201 23/02/2023 23/02/2023 Libro impreso